[Event "Ruhrgebiet Regionalliga 1718"]
[Site "Germany"]
[Date "2018.05.06"]
[Round "9.8"]
[White "Ittner, Ralf"]
[Black "Demircan, Baris"]
[Result "0-1"]
[WhiteElo "1693"]
[BlackElo "1856"]
[PlyCount "68"]
[EventDate "2017.10.01"]
[EventType "team-tourn"]
[EventRounds "9"]
[EventCountry "GER"]
[SourceTitle "EXT 2022"]
[Source "ChessBase"]
[SourceDate "2021.10.06"]
[SourceVersion "1"]
[SourceVersionDate "2021.10.06"]
[SourceQuality "1"]
[WhiteTeam "Hamm Koenigsspringer"]
[BlackTeam "Oberhausen SV II"]
[WhiteTeamCountry "GER"]
[BlackTeamCountry "GER"]

1. d4 d5 2. Nf3 Nf6 3. c4 e6 4. Nc3 c6 5. e3 Nbd7 6. Bd3 Bd6 7. 0-0 0-0 8. e4 dxc4 9. Bxc4 e5 10. d5 Nb6 11. Qd3 cxd5 12. Nxd5 Nxc4 13. Qxc4 Be6 14. Bg5 Bxd5 15. exd5 h6 16. Bxf6 Qxf6 17. Qe4 Rad8 18. Rac1 Qe7 19. g3 f5 20. Qa4 a6 21. Qb3 Kh8 22. Rfe1 f4 23. Nh4 Qf6 24. Qf3 g5 25. Ng2 Qg7 26. g4 h5 27. gxh5 g4 28. Qe4 Rf6 29. Nh4 Qg5 30. Ng6+ Kg7 31. Nxe5 Qxh5 32. Nc4 g3 33. hxg3 Rh8 34. Qg2 f3 0-1